Quizzes
Events
Quiz Creation
Community
Videos
Private Events
Remove Ads
Sign In
Join for FREE
Feedback
Dark Mode
Quiz Categories
Sports
Geography
Music
Movies
Television
Just For Fun
Miscellaneous
History
Literature
Language
Science
Gaming
Entertainment
Religion
Holiday
For Kids
Quiz Lab
Recent
Popular Today
Quiz Kudos Today
Editor Picks
Curator Picks
Quizzes by...
Day
Popularity
Type
Ratings
Length
Year
Community
Subscriptions
Recent Discussions
Orange Saloon
Badges
Playlists
Quests
Create
Leaderboards
Showdown
Live 5
Trivia Bingo
Activity
Puzzle Library
Sporcle Events
Private Events
Virtual Trivia
Globe League
Become a Host
Pub Owners
SporcleCon
Opinionation
Our Games
Videos
Blog
Mobile Apps
Partnerships
Remove Ads and Go Orange
Feedback
Sports
Athletes
MLB
NBA
NHL
NFL
Soccer
Sports Teams
WWE
NCAA
Football
Premier League
Basketball
Baseball
Hockey
Golf
Tennis
Cricket
Rugby
Auto Racing
Olympics
World Cup
Sports
Athletes
MLB
NBA
NHL
NFL
Soccer
Sports Teams
WWE
NCAA
Football
Premier League
Basketball
Baseball
Hockey
Golf
Tennis
Cricket
Rugby
Auto Racing
Olympics
World Cup
Random Quiz
Search Sporcle
×
Quiz Lab
Quiz Lab
Sports
NFL
Type in answers that appear in a list
Type in answers that appear in a list
Classic
Best Score? Go Orange.
NFL WRs 2010-11 (by Targets) Stats
Can you name the 189 NFL WRs for the 2010-11 regular season?
By
SporcleEXP
15m
189 Questions
148 Plays
148 Plays
148 Plays
Comments
Comments
Give Quiz Kudos
Give Quiz Kudos
-
- Ratings
hide this ad
More Info
Replay
Link that replays current quiz
Next Quiz
Link to next quiz in quiz playlist
You Got
0%
They Got
Avg Score
47%
Avg Friend Score
Upgrade to see
Score Distribution
Jump to the score distribution portion of the page
Score
0/189
Timer
15:00
0
Plays Today
Team
Player
% Correct
Arizona Cardinals
Larry Fitzgerald
94.6%
Dallas Cowboys
Manuel Johnson
93.2%
Buffalo Bills
Steve Johnson
93.2%
Houston Texans
Andre Johnson
91.9%
Detroit Lions
Bryant Johnson
91.2%
Detroit Lions
Calvin Johnson
91.2%
Carolina Panthers
Steve Smith
90.5%
Atlanta Falcons
Roddy White
89.9%
Baltimore Ravens
Anquan Boldin
89.2%
New York Giants
Steve Smith
89.2%
New York Jets
Brad Smith
88.5%
Arizona Cardinals
Stephen Williams
86.5%
San Francisco 49ers
Kyle Williams
85.8%
Tampa Bay Buccaneers
Mike Williams
85.1%
Dallas Cowboys
Roy Williams
84.5%
Indianapolis Colts
Reggie Wayne
84.5%
Indianapolis Colts
Blair White
84.5%
Washington Redskins
Roydell Williams
84.5%
Cincinnati Bengals
Terrell Owens
83.8%
Detroit Lions
Derrick Williams
83.8%
Green Bay Packers
Greg Jennings
83.8%
Green Bay Packers
James Jones
83.8%
Seattle Seahawks
Mike Williams
83.8%
Cincinnati Bengals
Chad Ochocinco
83.1%
Dallas Cowboys
Miles Austin
83.1%
New England Patriots
Wes Welker
83.1%
Philadelphia Eagles
DeSean Jackson
83.1%
Washington Redskins
Santana Moss
83.1%
Tennessee Titans
Randy Moss
83.1%
Tennessee Titans
Damian Williams
83.1%
Miami Dolphins
Brandon Marshall
82.4%
Baltimore Ravens
Derrick Mason
81.8%
Buffalo Bills
Donald Jones
81.8%
Houston Texans
Jacoby Jones
80.4%
New York Jets
Santonio Holmes
80.4%
San Diego Chargers
Vincent Jackson
80.4%
Chicago Bears
Devin Hester
79.7%
Denver Broncos
Brandon Lloyd
79.7%
Kansas City Chiefs
Dwayne Bowe
79.7%
New York Jets
Braylon Edwards
79.7%
Carolina Panthers
Armanti Edwards
79.1%
New Orleans Saints
Marques Colston
79.1%
Pittsburgh Steelers
Hines Ward
79.1%
Washington Redskins
Terrence Austin
79.1%
Green Bay Packers
Donald Driver
78.4%
Chicago Bears
Johnny Knox
77.7%
Arizona Cardinals
Steve Breaston
77.7%
New York Giants
Hakeem Nicks
77.7%
New York Giants
Mario Manningham
76.4%
Philadelphia Eagles
Jeremy Maclin
75%
Buffalo Bills
Lee Evans
75%
Minnesota Vikings
Sidney Rice
74.3%
Pittsburgh Steelers
Mike Wallace
74.3%
Indianapolis Colts
Austin Collie
73.6%
San Francisco 49ers
Michael Crabtree
73.6%
Indianapolis Colts
Pierre Garcon
73%
Jacksonville Jaguars
Mike Thomas
73%
Minnesota Vikings
Percy Harvin
73%
New York Giants
Devin Thomas
73%
Dallas Cowboys
Dez Bryant
72.3%
Miami Dolphins
Roberto Wallace
71.6%
Denver Broncos
Demaryius Thomas
69.6%
Miami Dolphins
Marlon Moore
68.9%
Team
Player
% Correct
New Orleans Saints
Lance Moore
68.2%
Jacksonville Jaguars
Mike Sims-Walker
67.6%
New England Patriots
Deion Branch
66.9%
Tennessee Titans
Kenny Britt
66.9%
Baltimore Ravens
T.J. Houshmandzadeh
66.2%
Miami Dolphins
Davone Bess
64.2%
New Orleans Saints
Devery Henderson
64.2%
New York Jets
Jerricho Cotchery
63.5%
San Diego Chargers
Malcom Floyd
63.5%
Atlanta Falcons
Michael Jenkins
62.8%
Denver Broncos
Eddie Royal
62.8%
St. Louis Rams
Danny Amendola
62.8%
New Orleans Saints
Robert Meachem
61.5%
Oakland Raiders
Darrius Heyward-Bey
61.5%
Tennessee Titans
Nate Washington
61.5%
Houston Texans
Kevin Walter
60.8%
San Diego Chargers
Kelly Washington
60.8%
Cleveland Browns
Mohammed Massaquoi
59.5%
Denver Broncos
Jabar Gaffney
58.1%
Buffalo Bills
David Nelson
58.1%
Green Bay Packers
Jordy Nelson
57.4%
Detroit Lions
Nate Burleson
56.8%
Minnesota Vikings
Bernard Berrian
56.1%
Philadelphia Eagles
Jason Avant
54.7%
Indianapolis Colts
Anthony Gonzalez
54.1%
Kansas City Chiefs
Chris Chambers
52.7%
Cincinnati Bengals
Jordan Shipley
52%
Tampa Bay Buccaneers
Arrelious Benn
51.4%
New England Patriots
Brandon Tate
50%
Miami Dolphins
Brian Hartline
48.6%
Oakland Raiders
Louis Murphy
48.6%
Oakland Raiders
Jacoby Ford
48.6%
Seattle Seahawks
Golden Tate
47.3%
St. Louis Rams
Mark Clayton
47.3%
New York Giants
Michael Clayton
45.9%
Cleveland Browns
Josh Cribbs
42.6%
San Diego Chargers
Patrick Crayton
42.6%
San Diego Chargers
Buster Davis
41.2%
Chicago Bears
Rashied Davis
40.5%
Atlanta Falcons
Harry Douglas
40.5%
San Francisco 49ers
Josh Morgan
40.5%
Washington Redskins
Anthony Armstrong
40.5%
Pittsburgh Steelers
Antonio Brown
39.2%
Arizona Cardinals
Early Doucet
37.2%
St. Louis Rams
Laurent Robinson
37.2%
New England Patriots
Julian Edelman
36.5%
Baltimore Ravens
Donte Stallworth
35.1%
Minnesota Vikings
Greg Lewis
34.5%
Pittsburgh Steelers
Antwaan Randle El
33.8%
Chicago Bears
Earl Bennett
32.4%
Pittsburgh Steelers
Emmanuel Sanders
31.8%
Carolina Panthers
David Gettis
31.1%
Cincinnati Bengals
Jerome Simpson
31.1%
Minnesota Vikings
Greg Camarillo
31.1%
San Diego Chargers
Legedu Naanee
31.1%
Seattle Seahawks
Brandon Stokley
29.7%
Tennessee Titans
Justin Gage
29.7%
Buffalo Bills
Roscoe Parrish
29.7%
Kansas City Chiefs
Dexter McCluster
29.1%
St. Louis Rams
Brandon Gibson
29.1%
Atlanta Falcons
Brian Finneran
28.4%
Oakland Raiders
Nick Miller
27.7%
Cleveland Browns
Brian Robiskie
26.4%
Team
Player
% Correct
Chicago Bears
Devin Aromashodu
25.7%
Cincinnati Bengals
Andre Caldwell
25.7%
San Francisco 49ers
Ted Ginn Jr.
24.3%
Washington Redskins
Joey Galloway
24.3%
Cleveland Browns
Chansi Stuckey
23.6%
Houston Texans
David Anderson
23.6%
St. Louis Rams
Danario Alexander
22.3%
Carolina Panthers
Brandon LaFell
21.6%
Carolina Panthers
Dwayne Jarrett
21.6%
Miami Dolphins
Kevin Curtis
21.6%
New York Giants
Derek Hagan
20.9%
Oakland Raiders
Chaz Schilens
20.9%
Seattle Seahawks
Ben Obomanu
20.9%
Tampa Bay Buccaneers
Sammie Stroughter
20.9%
Baltimore Ravens
David Reed
20.3%
New England Patriots
Taylor Price
19.6%
Detroit Lions
Brian Clark
16.9%
Indianapolis Colts
Brandon James
16.9%
New York Jets
Patrick Turner
16.9%
Dallas Cowboys
Sam Hurd
16.2%
Philadelphia Eagles
Riley Cooper
16.2%
Seattle Seahawks
Deon Butler
16.2%
New York Giants
Ramses Barden
14.9%
San Diego Chargers
Seyi Ajirotutu
14.9%
Denver Broncos
Eric Decker
14.2%
Jacksonville Jaguars
Jason Hill
14.2%
Minnesota Vikings
Hank Baskett
14.2%
Philadelphia Eagles
Chad Hall
14.2%
Carolina Panthers
David Clowney
13.5%
Dallas Cowboys
Kevin Ogletree
13.5%
Arizona Cardinals
Andre Roberts
13.5%
Green Bay Packers
Brett Swain
13.5%
Kansas City Chiefs
Terrance Copper
12.8%
Pittsburgh Steelers
Arnaz Battle
12.8%
Seattle Seahawks
Ruvell Martin
12.2%
Denver Broncos
Matt Willis
11.5%
Atlanta Falcons
Eric Weems
10.8%
Oakland Raiders
Johnnie Lee Higgins
10.1%
Cincinnati Bengals
Quan Cosby
9.5%
Tampa Bay Buccaneers
Michael Spurlock
9.5%
Jacksonville Jaguars
John Matthews
8.8%
New York Giants
Duke Calhoun
8.8%
Jacksonville Jaguars
Tiquan Underwood
8.1%
San Diego Chargers
Gary Banks
8.1%
St. Louis Rams
Mardy Gilyard
8.1%
Buffalo Bills
Naaman Roosevelt
7.4%
Cleveland Browns
Yamon Figurs
6.8%
Houston Texans
Dorin Dickerson
6.8%
Tampa Bay Buccaneers
Preston Parker
6.8%
Tampa Bay Buccaneers
Dezmon Briscoe
6.8%
Kansas City Chiefs
Verran Tucker
6.1%
Tennessee Titans
Marc Mariani
6.1%
Washington Redskins
Brandon Banks
6.1%
New Orleans Saints
Adrian Arrington
5.4%
New England Patriots
Matt Slater
5.4%
Tampa Bay Buccaneers
Maurice Stovall
5.4%
Buffalo Bills
Paul Hubbard
5.4%
Jacksonville Jaguars
Kassim Osgood
4.7%
Kansas City Chiefs
Jeremy Horne
4.7%
San Diego Chargers
Richard Goodman
4.1%
San Francisco 49ers
Dominique Zeigler
4.1%
Arizona Cardinals
Max Komar
2.7%
Tennessee Titans
Lavelle Hawkins
2%
Quiz Playlist
Details
Report
Send in Message
Add To Playlist
More Info:
* Indicates a WR who played for multiple teams. Targets aren't split by accurately, but instead rewarded to the last team the WR played for.
Classic:
Type in answers that appear in a list
Quiz Source
Last Updated: Feb 16, 2017
Quiz Scoreboard
CHALLENGE
Sign Up to Join the Scoreboard
Show All
Scores
Hide
Comments
May contain spoilers
Recently Published
An Introduction to Baseball
by treessimontrees
Sports
5m
Movies - When Are They Set?
by FPL_Elf
Movies
5m
Popular People in 1961
by mucciniale
History
6m
More to Explore
Quiz From the Vault
Featured Blog Post
Where Did the Easter Bunny Come From?
hide this ad
You Might Also Like...
Tags
NFL Quiz
Player
regular
season
target
team
WRS
Today's Top Quizzes in Sports
Browse Sports
hide this ad
Today's Top Quizzes in NFL
Browse NFL
Top Contributed Quizzes in Sports
1
Les meilleurs buteurs des matchs entre le PSG et l’OM
2
2022 World Cup Stars
3
FIFA Club World Cup Champions
4
Les entraîneurs de l'OM et du PSG au 21e siècle
5
Name the Premier League winners with different clubs
6
La finale Lions - Afrique du Sud 2021
7
Les joueurs passés par le LOSC et le RC Lens
8
Criteria MLB: Left Handed Sluggers
9
Players with Multiple 50 Home Run Seasons
10
5-to-1: UK Sports Teams
Explore More
Trending Topics
Marvel
Disney
NBA
Anime
Kpop
Crossword
Harry Potter
Song
Pokémon
WWE
Soccer
Country
The Office
NFL
Puzzle
hide this ad
More By:
SporcleEXP
Quiz
Plays
Rating
Category
Featured
Created
Harry Potter Deaths in Order Minefield
3,068,087
4.18
Literature
Jan 27, 2016
Sins, Dwarfs, and Spice Girls
847,248
4.42
Just For Fun
Apr 11, 2012
Ancient History Bunker
708,037
4.28
History
Jan 20, 2014
Movie Posters VI
678,974
4.37
Movies
Nov 12, 2010
Movie Posters VII
621,799
4.44
Movies
Apr 16, 2011
Go to Creator's Profile
Score Distribution
Quiz Creator Spotlight
SporcleEXP
Follow
Send a Message
Quizzes Created
-
Created Quiz Play Count
-
More By This Creator
Popular Quizzes Today
1
Find the Countries of Europe - No Outlines Minefield
2
Find the US States - No Outlines Minefield
3
The Countries of the World
4
Popular People in 1961
5
US States
6
Find the US States
7
1-10 Letter E Words III
8
Risky Map Clicking: Biggest States A-Z
More Sports Quizzes
FIFA 07-22; Goalkeepers With 85+ Overall Ability
Quiz Lab
Trending Quizzes
Risky Map Clicking: Least Populous States A-Z
1-10 Letter F Words
1-10 Letter G Words
One Thing in Common: United Kingdom
Not Quite an Element Typing Challenge
Recently Updated
Leaping Animals
pecheneg
Reality TV Shows (A-Z)
bhenderson79
Rickey Henderson's Hall of Fame Teammates
pecheneg
Champions League XIs: Arsenal
pecheneg
Quick Pick: Celebrities in WWE's Hall of Fame
aduchscher
A-Z Keypad Blitz II
pecheneg
Multiple Oscar Actors
pecheneg
Mystery Phrase Blitz: Oscar 'Best Actors'
pecheneg
F. Scott Fitzgerald Novels
LTH
Pick 3 Villains
ddd62291
Trending Topics
Anime
Marvel
Harry Potter
Kpop
Crossword
NBA
Disney
WWE
Puzzle
Song
NFL
Country
Soccer
The Office
Pokémon
Your Account Isn't Verified!
In order to create a playlist on Sporcle, you need to verify the email address you used during registration. Go to your
Sporcle Settings
to finish the process.
Report this User
Report this user for behavior that violates our
Community Guidelines
.
Details:
Send Report
Go to the Sporcle.com Mobile Site →
Comments